| 000 | 01148nmm a2200337 a 4500 | ||
|---|---|---|---|
| 001 | ocm0002347770 | ||
| 003 | TR-IsHL | ||
| 005 | 20201028190257.0 | ||
| 008 | 191224s2018 tu tur | ||
| 007 | cr cn | ||
| 020 | _a9786052118085 | ||
| 035 |
_a2347770 _b(N$T) |
||
| 050 | 0 | 4 |
_aQA76.76 _b.B89B55 2018 |
| 090 | 0 | 4 |
_aQA76.76 _b.B89B55 2018 |
| 100 | 1 | _aBüyükçapar, Olcay | |
| 245 | 1 | 0 |
_aBilişim teknolojileri ve yazılım _h[electronic resource] / _cOlcay Büyükçapar ; yayına hazırlık Hüseyin Üstünel, Eray Küçük |
| 250 | _a3. baskı | ||
| 260 |
_aİstanbul : _bKODLAB Yayın Dağıtım, _c2018 |
||
| 300 | _a337 p. | ||
| 500 |
_aKaynakça sayfa ; 332-334 _x |
||
| 650 | 4 | _aMühendislik ve Teknoloji | |
| 650 | 4 | _aEngineering and Technology | |
| 650 | 0 | _aBilgisayar bilimi | |
| 650 | 0 | _aComputer science | |
| 650 | 0 | _aBilişim teknolojisi | |
| 650 | 0 | _aInformation technology | |
| 650 | 7 |
_aCOMPUTERS / Computer Science _2bisacsh |
|
| 700 | 1 | _aÜstünel, Hüseyin | |
| 700 | 1 | _aKüçük, Eray | |
| 856 | 4 | 0 | _uhttp://search.ebscohost.com/login.aspx?direct=true&scope=site&db=e011xww&AN=2347770 |
| 999 |
_c21846 _d21846 |
||